Writ remedies: (Record no. 101772)

MARC details
000 -LEADER
fixed length control field 00652nam a22001937a 4500
005 - DATE AND TIME OF LATEST TRANSACTION
control field 20160804110056.0
010 ## - LCCN (DPL NO)
LC control number ENG-115628
020 ## - INTERNATIONAL STANDARD BOOK NUMBER
International Standard Book Number 9789351437154
Terms of availability 2495.00
035 ## - SYSTEM CONTROL NUMBER
System control number EN-99160
037 ## - SOURCE OF ACQUISITION
Source of stock number/acquisition DBAD/PUB
082 ## - DEWEY DECIMAL CLASSIFICATION NUMBER
Classification number 347.54077
100 ## - MAIN ENTRY--PERSONAL NAME
Personal name Banerjee, Bhaskar Prosad
245 ## - TITLE STATEMENT
Title Writ remedies:
Remainder of title remediable rights under public law : including High Court rules and guidelines for drafting writ petition /
Statement of responsibility, etc by Bhaskar Prosad Banerjee
250 ## - EDITION STATEMENT
Edition statement 7th ed.
260 ## - PUBLICATION, DISTRIBUTION, ETC. (IMPRINT)
Place of publication, distribution, etc Gurgaon
Name of publisher, distributor, etc LexisNexis
Date of publication, distribution, etc 2016
300 ## - PHYSICAL DESCRIPTION
Extent clix,1572p.:
Dimensions 28cm (Hb)
500 ## - GENERAL NOTE
General note Includes subject index
942 ## - ADDED ENTRY ELEMENTS (KOHA)
Source of classification or shelving scheme Dewey Decimal Classification
Item type English Books
Edition 7th ed.
Classification part 347.54077
Call number suffix BAN
Holdings
Withdrawn status Lost status Not for loan Collection code Home library Current library Date acquired Source of acquisition Cost, normal purchase price Full call number Barcode Copy number Cost, replacement price Koha item type
    Not For Loan Non-fiction D.B.Act.Division D.B.Act.Division 04/08/2016 DBAD/PUB 2495.00 347.54077 BAN EN-99160 1 2495.00 English Books

© Delhi Public Library
Hit Counter
free hit counter